00858nam a22001217a 4500008004100000100004300041245009300084260003600177300003600213520032600249650012500575773003600700260508b ||||| |||| 00| 0 eng d aEmerson, Shanimol and Nair, Sindhu S.  aClimate chance and energy resilience: An analytical study of the power sector in Kerala  aSocial Science in Perspective  a18(1), Jan-Mar, 2026: p.110-147 aKerala has been experiencing severs climate changes, mirroring a global challenge that effects multiple sectors, including energy. The state’s energy infrastructure is particularly vulnerable to rising temperatures, shafting precipitation patterns, and the increasing frequency of extreme weather events. –Reproduced  aClimate change, electricity demand, Electricity supply, Kerala, Power crisis, energy efficiency, Adaptation strategies.  aSocial Science in Perspective